All Upcoming MCU Projects - Statistics

General Stats
  • This quiz has been taken 83 times
    64 since last reset
  • The average score is 10 of 15
Answer Stats
Release Date Starring Project % Correct
November 11, 2022 Letitia Wright, Lupita Nyong'o, Danai Gurira, Winston Duke, Dominique Thorne, Tenoch Huerta Black Panther: Wakanda Forever
96%
February 17, 2023 Paul Rudd, Evangeline Lilly, Michael Douglas, Michelle Pfeiffer, Kathryn Newton, Jonathan Majors Ant-Man and the Wasp: Quantumania
93%
May 5, 2023 Chris Pratt, Zoe Saldana, Dave Bautista, Bradley Cooper, Vin Diesel, Karen Gillan, Pom Klementieff Guardians of the Galaxy Vol. 3
87%
Spring 2023 Samuel L. Jackson, Ben Mendelsohn, Cobie Smulders Secret Invasion
87%
Summer 2023 Tom Hiddleston, Owen Wilson, Gugu Mbatha-Raw, Sophia Di Martino Loki (Season 2)
85%
Spring 2024 Charlie Cox, Vincent D'Onofrio Daredevil: Born Again
76%
November 3, 2023 Mahershala Ali, Delroy Lindo, Aaron Pierre Blade
67%
Summer 2023 Alaqua Cox, Charlie Cox, Zahn McClarnon, Vincent D'Onofrio Echo
67%
November 7, 2025 Unknown Avengers: Secret Wars
64%
Winter 2023/24 Kathryn Hann Agatha: Coven of Chaos
58%
May 3, 2024 Anthony Mackie Captain America: New World Order
58%
November 8, 2024 Unknown Fantastic 4
55%
Fall 2023 Dominique Thorne Ironheart
55%
July 25, 2025 Unknown Avengers: The Kang Dynasty
51%
July 26, 2024 Unknown Thunderbolts
47%
No matching quizzes found
Score Distribution
Percent of People with Each Score
Percentile by Number Answered
Your Score History
You have not taken this quiz since the last reset